000 00869nam a2200253Ia 4500
003 OSt
005 20251125101033.0
008 210716s1988 xx 000 0 und d
020 _a71005099
040 _cAIMIT LIBRARY
041 _aeng
082 _a006.3
_21
_bLEVR
100 _aLevine, Robert I.
_9246747
245 _aComprehensive guide to AI and expert systems using turbo pascal /
_cBy Robert I Levine, Diane E Drang and Barry Edelson.
250 _a1st ed.
260 _aNew York :
_bMcGraw Hill ,
_c1988.
300 _axi,257p. ;
_bPB
_c21.8 cm
650 _aHuman and machine intelligence
_9246748
650 _aInference mechanisms : tools for machine thinking
_9246749
650 _aLanguages used in artificial intelligence
_9246750
700 _aDrang, Diane E.
_9246751
700 _aEdelson, Barry.
_9246752
942 _2ddc
_cBK
_e1st
_k006.3 LEVR
999 _c181319
_d181319